<?xml version="1.0" encoding="UTF-8"?><?xml-stylesheet type="text/xsl" href="static/style.xsl"?><OAI-PMH xmlns="http://www.openarchives.org/OAI/2.0/" xmlns:xsi="http://www.w3.org/2001/XMLSchema-instance" xsi:schemaLocation="http://www.openarchives.org/OAI/2.0/ http://www.openarchives.org/OAI/2.0/OAI-PMH.xsd"><responseDate>2026-06-01T08:31:12Z</responseDate><request verb="GetRecord" identifier="oai:riuma.uma.es:10630/45284" metadataPrefix="marc">https://riuma.uma.es/rest/oai/request</request><GetRecord><record><header><identifier>oai:riuma.uma.es:10630/45284</identifier><datestamp>2026-02-10T00:45:13Z</datestamp><setSpec>com_10630_2254</setSpec><setSpec>col_10630_37953</setSpec></header><metadata><record xmlns="http://www.loc.gov/MARC21/slim" xmlns:dcterms="http://purl.org/dc/terms/" xmlns:doc="http://www.lyncode.com/xoai" xmlns:xsi="http://www.w3.org/2001/XMLSchema-instance" xsi:schemaLocation="http://www.loc.gov/MARC21/slim http://www.loc.gov/standards/marcxml/schema/MARC21slim.xsd">
   <leader>00925njm 22002777a 4500</leader>
   <datafield ind2=" " ind1=" " tag="042">
      <subfield code="a">dc</subfield>
   </datafield>
   <datafield ind2=" " ind1=" " tag="720">
      <subfield code="a">Cordero-Lanzac, Tomás</subfield>
      <subfield code="e">author</subfield>
   </datafield>
   <datafield ind2=" " ind1=" " tag="720">
      <subfield code="a">Martínez, Cristina</subfield>
      <subfield code="e">author</subfield>
   </datafield>
   <datafield ind2=" " ind1=" " tag="720">
      <subfield code="a">Aguayo, Andrés T.</subfield>
      <subfield code="e">author</subfield>
   </datafield>
   <datafield ind2=" " ind1=" " tag="720">
      <subfield code="a">Castaño, Pedro</subfield>
      <subfield code="e">author</subfield>
   </datafield>
   <datafield ind2=" " ind1=" " tag="720">
      <subfield code="a">Bilbao, Javier</subfield>
      <subfield code="e">author</subfield>
   </datafield>
   <datafield ind2=" " ind1=" " tag="720">
      <subfield code="a">Corma, Avelino</subfield>
      <subfield code="e">author</subfield>
   </datafield>
   <datafield ind2=" " ind1=" " tag="260">
      <subfield code="c">2022</subfield>
   </datafield>
   <datafield ind2=" " ind1=" " tag="520">
      <subfield code="a">This work explores the synergies during combined reactions of n-pentane (nC5) with
oxygenates (methanol or dimethyl ether, OX). The experimental runs have been carried
out in a packed bed reactor at 500 ºC, using a high silica HZSM-5 zeolite-based catalyst
with different oxygenate-to-n-pentane (OX/nC5) ratios in the feed. A significant
enhancement of the n-pentane conversion occurs for low OX/nC5 ratios in the feed (0.1-
0.25), especially when using dimethyl ether (DME). In addition, the presence of npentane reduces the rate of catalyst deactivation by coking during the conversion of
oxygenates. These results have been explained on the grounds of a mechanistic
interaction between the reactants: (1) the fast formation of methoxy and olefin
intermediates from oxygenates, particularly from DME, could explain the promotion of
n-pentane cracking, by facilitating the activation of the alkane by hydrogen transfer
reactions; (2) the attenuation of deactivation during the conversion of oxygenates could
be related to a lower extent of the arene cycle in the dual-cycle mechanism (limiting the
polymethylbenzene formation). The analyses of used catalysts by means of temperatureprogrammed oxidation and confocal fluorescence microscopy have pointed out the
higher reactivity of DME than that of methanol also for yielding coke structures.</subfield>
   </datafield>
   <datafield ind1="8" ind2=" " tag="024">
      <subfield code="a">T. Cordero-Lanzac, C. Martínez, Andrés T. Aguayo, P. Castaño, J. Bilbao, A. Corma. Activation of n-pentane while prolonging HZSM-5 catalyst lifetime during its combined reaction with methanol or dimethyl ether. Catal. Today 383 (2022) 320-329-</subfield>
   </datafield>
   <datafield ind1="8" ind2=" " tag="024">
      <subfield code="a">https://hdl.handle.net/10630/45284</subfield>
   </datafield>
   <datafield ind1="8" ind2=" " tag="024">
      <subfield code="a">10.1016/j.cattod.2020.09.015</subfield>
   </datafield>
   <datafield tag="653" ind2=" " ind1=" ">
      <subfield code="a">Catálisis</subfield>
   </datafield>
   <datafield tag="653" ind2=" " ind1=" ">
      <subfield code="a">Hidrocarburos</subfield>
   </datafield>
   <datafield tag="653" ind2=" " ind1=" ">
      <subfield code="a">Procesos químicos</subfield>
   </datafield>
   <datafield ind2="0" ind1="0" tag="245">
      <subfield code="a">Activation of n-pentane while prolonging HZSM-5 catalyst lifetime during its combined reaction with methanol or dimethyl ether</subfield>
   </datafield>
</record>
</metadata></record></GetRecord></OAI-PMH>